| 000 | 00443cam a2200181ua 4500 | ||
|---|---|---|---|
| 020 | _c18.00 | ||
| 041 |
_aeng _h |
||
| 082 |
_a621.4 _bRIC/PR |
||
| 100 | _aRichard, J . | ||
| 245 |
_aProblems in heat engines / _cJ Richard. _hTextual Documents |
||
| 260 |
_aLondon : _bEdward Arnold Publications Ltd , _c1966. |
||
| 300 | _a272 ; . | ||
| 365 | _a18.00 | ||
| 504 | _a | ||
| 942 | _cBK | ||
| 999 |
_c7104 _d7104 |
||